ՀՀ Գիտությունների ազգային ակադեմիայի հիմնարար գիտական գրադարան  =   Fundamental Scientific Library of NAS RA

О Вардане и войне армянской / (Record no. 528405)

MARC details
000 -LEADER
fixed length control field 01023nmm a2200253 a 4500
003 - CONTROL NUMBER IDENTIFIER
control field AM-YeHGA
005 - DATE AND TIME OF LATEST TRANSACTION
control field 20250618080124.0
008 - FIXED-LENGTH DATA ELEMENTS--GENERAL INFORMATION
fixed length control field 230919s2012 ru |||||o|||| rus|d
020 ## - INTERNATIONAL STANDARD BOOK NUMBER
International Standard Book Number 9785905593055
040 ## - CATALOGING SOURCE
Original cataloging agency AM-YeHGA
041 1# - LANGUAGE CODE
Language code of text/sound track or separate title rus
Language code of original arm
090 ## - LOCALLY ASSIGNED LC-TYPE CALL NUMBER (OCLC); LOCAL CALL NUMBER (RLIN)
-- 566613
100 0# - MAIN ENTRY--PERSONAL NAME
Personal name Եղիշե,
Dates associated with a name V դ.
9 (RLIN) 3323
245 10 - TITLE STATEMENT
Title О Вардане и войне армянской /
Statement of responsibility, etc. Пер. с древнеарм. яз. И.А. Орбели ; Предисл. и примеч. К.Н. Юзбашяна.
246 15 - VARYING FORM OF TITLE
Title proper/short title Վասն Վարդանայ եւ հայոց պատերազմին
260 ## - PUBLICATION, DISTRIBUTION, ETC.
Place of publication, distribution, etc. Москва :
Name of publisher, distributor, etc. Союз армян России,
Date of publication, distribution, etc. 2012.
300 ## - PHYSICAL DESCRIPTION
Extent 240 с.
650 14 - SUBJECT ADDED ENTRY--TOPICAL TERM
Topical term or geographic name entry element Հայ գրականություն
650 14 - SUBJECT ADDED ENTRY--TOPICAL TERM
Topical term or geographic name entry element Թվային հայրենադարձություն
700 1# - ADDED ENTRY--PERSONAL NAME
Personal name Орбели, И.А.
Relator term пер.
700 1# - ADDED ENTRY--PERSONAL NAME
Personal name Юзбашян, К.Н.
Relator term предисл.
856 41 - ELECTRONIC LOCATION AND ACCESS
Uniform Resource Identifier <a href="https://arar.sci.am/dlibra/publication/392348/edition/362985/content">https://arar.sci.am/dlibra/publication/392348/edition/362985/content</a>
Link text Կարդալ առցանց
942 ## - ADDED ENTRY ELEMENTS (KOHA)
Source of classification or shelving scheme Universal Decimal Classification
Koha item type «Թվային հայրենադարձություն» նախագիծ / Digital Repatriation Project
Holdings
Withdrawn status Lost status Source of classification or shelving scheme Damaged status Not for loan Collection Home library Current library Date acquired Total checkouts Date last seen Price effective from Koha item type Public note
    Universal Decimal Classification     Digital Repatriation Fundamental Scientific Library Fundamental Scientific Library 19/09/2023   19/09/2023 19/09/2023 «Թվային հայրենադարձություն» նախագիծ / Digital Repatriation Project Electronic resources


ՀՀ ԳԱԱ հիմնարար գիտական գրադարան
ՀՀ,Երևան 0019
Մարշալ Բաղրամյան 24/6
հեռախոս:(374-10) 52-47-50
Հետադարձ կապ

All site content, except where otherwise noted, is licensed under a
Creative Commons License